| 000 | 00470nam a2200205Ia 4500 | ||
|---|---|---|---|
| 003 | OSt | ||
| 005 | 20260109163321.0 | ||
| 008 | 210210b1977 xxu||||| |||| 00| 0 eng d | ||
| 020 | _a450032795 | ||
| 040 | _cAL | ||
| 041 | _aeng | ||
| 082 | _a823.91 CROM | ||
| 100 |
_aCronin A J _9250909 |
||
| 245 | _aMinstrel boy | ||
| 260 |
_aLondon _bNew English Library _c1977 |
||
| 300 | _a287p | ||
| 690 |
_aEnglish Fiction _9250910 |
||
| 906 | _aSG00897 | ||
| 942 |
_2ddc _cSG |
||
| 999 |
_c112427 _d112427 |
||